Top 10 krajów na Eurowizji przez ostatnie 10 lat - Statystyki

Ogólne statystyki
  • Ten quiz został rozwiązany 53 razy
  • Średni wynik to 86 z 90
Statystyki odpowiedzi
Rok/Miejsce Kraj % Poprawnych
3 Austria
100%
(2025) 1 Austria
100%
8 Estonia
100%
8 Estonia
100%
3 Estonia
100%
3 Hiszpania
100%
(2019) 1 Holandia
100%
4 Niemcy
100%
5 Szwecja
100%
5 Szwecja
100%
7 Szwecja
100%
5 Szwecja
100%
4 Szwecja
100%
(2023) 1 Szwecja
100%
9 Szwecja
100%
4 Szwecja
100%
(2016) 1 Ukraina
100%
5 Ukraina
100%
(2022) 1 Ukraina
100%
6 Ukraina
100%
3 Ukraina
100%
9 Ukraina
100%
6 Włochy
100%
5 Włochy
100%
2 Włochy
100%
(2021) 1 Włochy
100%
6 Włochy
100%
4 Włochy
100%
7 Włochy
100%
5 Włochy
100%
6 Finlandia
98%
2 Finlandia
98%
6 Francja
98%
2 Francja
98%
4 Francja
98%
7 Francja
98%
10 Norwegia
98%
6 Norwegia
98%
10 Norwegia
98%
5 Norwegia
98%
(2017) 1 Portugalia
98%
9 Portugalia
98%
10 Portugalia
98%
5 Serbia
98%
4 Szwajcaria
98%
3 Szwajcaria
98%
(2024) 1 Szwajcaria
98%
10 Szwajcaria
98%
2 Wielka Brytania
98%
2 Chorwacja
95%
10 Grecja
95%
8 Grecja
95%
6 Grecja
95%
6 Irlandia
95%
10 Islandia
95%
4 Islandia
95%
9 Litwa
95%
8 Litwa
95%
2 Australia
93%
9 Australia
93%
9 Australia
93%
9 Australia
93%
10 Belgia
93%
4 Belgia
93%
7 Belgia
93%
(2018) 1 Izrael
93%
3 Izrael
93%
5 Izrael
93%
2 Izrael
93%
8 Polska
93%
3 Rosja
93%
3 Rosja
93%
9 Rosja
93%
8 Węgry
93%
8 Albania
91%
6 Czechy
91%
10 Czechy
91%
9 Dania
91%
8 Azerbejdżan
89%
3 Mołdawia
89%
10 Mołdawia
89%
7 Mołdawia
89%
7 Rumunia
89%
4 Bułgaria
86%
2 Bułgaria
86%
7 Malta
86%
7 Armenia
84%
8 Armenia
84%
2 Cypr
84%
7 Macedonia
80%
Nie znaleziono quizów pasujących do podanych kryteriów
Rozkład punktacji
Procent ludzi z każdym wynikiem
Percentyl według liczby udzielonych odpowiedzi
Twoja historia wyników
Nie rozwiązałeś tego quizu